Five Biggest Cities by Continent by Letter - T - Statistics

General Stats
  • This quiz has been taken 529 times
  • The average score is 13 of 30
Answer Stats
Population Country City % Correct
9,373,000 Japan Tokyo
98%
2,732,000 Canada Toronto
98%
8,694,000 Iran Tehran
97%
639,000 Tunisia Tunis
97%
887,000 Italy Turin
92%
941,000 Libya Tripoli
91%
1,052,000 Honduras Tegucigalpa
84%
807,000 Greece Thessaloniki
83%
9,290,000 China Tianjin
82%
1,386,000 Mexico Tijuana
72%
948,000 Morocco Tangier
65%
525,000 Netherlands The Hague
55%
2,767,000 Taiwan Taichung
30%
3,154,000 China Taiyuan
30%
182,000 Australia Townsville
26%
711,000 Russia Tolyatti
22%
801,000 Brazil Teresina
21%
652,000 Mexico Torreón
21%
753,000 Senegal Touba
20%
800,000 Peru Trujillo
20%
485,000 Russia Tula
20%
134,000 New Zealand Tauranga
17%
115,000 Australia Toowoomba
14%
423,000 Egypt Tanta
10%
319,000 Chile Temuco
7%
682,000 Mexico Tlalnepantla
4%
43,000 Australia Tamworth
3%
301,000 Brazil Taubaté
2%
41,000 Australia Traralgon
2%
373,000 Venezuela Turmero
2%
No matching quizzes found
Score Distribution
Percent of People with Each Score
Percentile by Number Answered
Your Score History
You have not taken this quiz